书目信息 |
| 题名: |
研究性学习指导
|
|
| 作者: | 周庆林 著 | |
| 分册: | ||
| 出版信息: | 桂林 广西师范大学出版社 2007.08 |
|
| 页数: | 270页 | |
| 开本: | 26cm | |
| 丛书名: | ||
| 单 册: | ||
| 中图分类: | G632.46 | |
| 科图分类: | ||
| 主题词: | 科学研究--ke xue yan jiu--能力培养--教学研究--中学 | |
| 电子资源: | ||
| ISBN: | 978-7-5633-6680-4 | |
| 000 | 00872nam0 2200241 450 | |
| 001 | 012008670957 | |
| 005 | 20080109140526.70 | |
| 010 | @a978-7-5633-6680-4@dCNY23.00 | |
| 100 | @a20080109d2007 em y0chiy0120 ea | |
| 101 | 0 | @achi |
| 102 | @aCN@b450000 | |
| 105 | @aak z 000yy | |
| 106 | @ar | |
| 200 | 1 | @a研究性学习指导@Ayan jiu xing xue xi zhi dao@e综合应用@f周庆林著@Fzhou qing lin zhu |
| 210 | @a桂林@c广西师范大学出版社@d2007.08 | |
| 215 | @a270页@c图@d26cm | |
| 330 | @a本书作者收录了丰富的教学案例、学生论文,将进行研究性学习所必需的教育学和科学探究理念研究灵活的运用在教学中,是中小学进行研究性学习的优秀教具。 | |
| 517 | 1 | @a综合应用@Azong he ying yong |
| 606 | 0 | @a科学研究@Ake xue yan jiu@x能力培养@x教学研究@x中学 |
| 690 | @aG632.46@v4 | |
| 701 | 0 | @a周庆林@Azhou qing lin@4著 |
| 801 | 0 | @aCN@bQSSK@c20080109 |
| 905 | @b276033-35@dG632.46@eZ783@f3 | |
| 研究性学习指导:综合应用/周庆林著.-桂林:广西师范大学出版社,2007.08 |
| 270页:图;26cm |
| ISBN 978-7-5633-6680-4:CNY23.00 |
| 本书作者收录了丰富的教学案例、学生论文,将进行研究性学习所必需的教育学和科学探究理念研究灵活的运用在教学中,是中小学进行研究性学习的优秀教具。 |
| ● |
| 相关链接 |
|
|
|
正题名:研究性学习指导
索取号:G632.46/Z783
 
预约/预借
| 序号 | 登录号 | 条形码 | 馆藏地/架位号 | 状态 | 备注 |
| 1 | 276033 | 202760333 | 社科二线422/422社科库 31排3列3层/ [索取号:G632.46/Z783] | 在馆 | |
| 2 | 276034 | 202760342 | 社科库409/409社科库 7排1列3层/ [索取号:G632.46/Z783] | 在馆 | |
| 3 | 276035 | 202760351 | 社科库409/409社科库 7排1列3层/ [索取号:G632.46/Z783] | 在馆 |